Statistics for Biggest countries South America

Click here to take the quiz!

General Stats

  • This quiz has been taken 10 times
  • The average score is 9 of 10

Answer Stats

HintAnswer% Correct
2argentina
100%
1Brazil
100%
7Chile
100%
4Columbia
90%
10Guyana
90%
8Paraguay
90%
3Peru
90%
9Uruguay
90%
5Bolivia
80%
6Venezuela
80%

Score Distribution

Percentile by Number Answered

Percent of People with Each Score

Your Score History

You have not taken this quiz